000 00470nam a2200169Ia 4500
008 230612s9999 xx 000 0 und d
041 _aeng
082 _a621.381 MIL
100 _aMillman J.
245 _aIntegrated Electronics Analog And Digital Circiuts And Systems
260 _c1972
_bTata Mc-graw Hill
300 _a910
365 _cRs.
_b150.00
700 _aMillman J. & Halkias C.C.
906 _dB:26-Jul-1992
_cETC
_b22.5
999 _c165101
_d165101